I Don't Need Your Love - SIX The Musical - Lyrics - Statistics

General Stats
  • This quiz has been taken 50 times
  • The average score is 60 of 83
Answer Stats
Hint Answer % Correct
You know I love you, [...] boy
100%
Be the one I have to [...] about sing
100%
In every [...] way single
100%
That I [...] need your love, no, no don't
97%
I [...] need your love, no, no don't
97%
I [...] need your love, no, no don't
97%
I don't need your [...], no, no love
94%
No, I don't need [...] love, no, no your
94%
No, I don't need [...] love, no, no your
94%
And keep the [...] I made with you life
91%
I've got no [...] choice
89%
With the [...], I stay alive King
86%
I'll [...] you every day miss
86%
So we had [...] choice no
86%
[...], we've got no choice No
86%
I wish that I could [...] stay with you
86%
I don't need [...], no, no your love
86%
I don't need [...], no, no your love
86%
I don't need [...], no, no your love
86%
But I [...] say to you must
83%
[...] to the King Not
83%
That's [...] my story not
83%
And even though this feels so [...] right
83%
You know it isn't [...] true
83%
But I [...] say that can't
80%
Why [...] I tell that story? can't
80%
There's [...] you can do nothing
80%
We [...] disappear all
77%
Remember that I was [...] a writer
77%
If [...] says it's you, then it's you Henry
77%
[...] had a choice Never
77%
No holding back, I'd [...] my voice raise
77%
Became the one who [...] survived
77%
Been a wife [...] just to survive twice before
77%
I even got a [...] to paint my picture woman
77%
It'll never [...] than it was, no, no be better
74%
I'd say "Henry, yeah it's true, I'll never [...] to you" belong
74%
All my love, [...] Catherine
74%
I [...] disappear
74%
Fought for [...] education female
74%
I'm [...] the tears tonight holding back
74%
[...], I'll never be over you It's true
74%
So I sent that letter to my love, got [...] to the King married
74%
No, I don't [...] your love, no, no need
74%
You [...] to know need
74%
I don't [...] you love, no, no need
74%
And [...] him without
74%
We're taking back the [...] microphone
71%
[...] don't need your love We
71%
There's nothing left to [...], no, no discuss
69%
I've told you about my life, the [...] final wife
69%
I'm [...] as one of six fixed
69%
I'm [...] raise my voice gonna
69%
'Cause I have built a future [...] with you in my mind
69%
There's so much [...] more
69%
But why should that [...] story
69%
[...] in history 'Cause
66%
So this is [...] goodbye
66%
And now the [...] is gone, there's [...] left for me to do hope, nothing
66%
But if, [...], I had that choice somehow
66%
So [...] got no choice we've
66%
'Cause I am not [...] to enjoy 'til there's something new your toy
66%
[...], get a clue Darling
63%
No matter how I feel, it's what I [...] have to do
63%
[...], I love you, boy Oh
63%
Just [...]? I'm out to win
63%
[...] I don't need you love, no, no But
60%
[...] I don't need your love, no, no But
60%
But now it's us [...] alone
57%
I [...] a choice don't have
57%
They [...] say we need your love always
51%
Can't let it get the [...] of us, no, no better
51%
As if I'm gonna give up my boy, my work, [...] to care for you, ha! my dreams
51%
It's not what went down in [...] history
49%
But it's time for us to [...] rise above
49%
[...] I love you, boy Though
49%
Henry yeah, I'm [...], too many times it's been told through
49%
We're taking back [...] control
40%
But [...], I'm singing this for me tonight
40%
And you might think it's tough, but I've got to let your love [...] run cold
37%
So all my women can independently [...] study scripture
37%
I wrote books and [...], and [...] psalms, meditations
34%
And I have had enough [...] to get old love stories
23%
No matching quizzes found
Score Distribution
Percent of People with Each Score
Percentile by Number Answered
Your Score History
You have not taken this quiz